000 00383 a2200145 4500
999 _c2753
_d2753
020 _a9382226741
050 _aJC319 PRO 2013
100 _aProulx, Kingsley
245 _aHuman political geography
_cKingsley Proulx
264 _aNew Delhi
_bRandom exports
_c2013
300 _a320p.
500 _aGeography
650 _aHuman and political geography
942 _2olc
_cBK
_h319
_iPRO
_kJC